[Event "Vojvodina-ch 4th"]
[Site "Novi Sad"]
[Date "2013.06.29"]
[Round "3"]
[White "Ilijev, Mitko"]
[Black "Blazeka, Matej"]
[Result "0-1"]
[WhiteElo "2205"]
[BlackElo "2300"]
[PlyCount "76"]
[EventDate "2013.06.28"]
[EventType "swiss"]
[EventRounds "9"]
[EventCountry "SRB"]
[SourceTitle "CBM 155 Extra"]
[Source "ChessBase"]
[SourceDate "2013.08.26"]
[SourceVersion "1"]
[SourceVersionDate "2013.08.26"]
[SourceQuality "1"]

1. c4 c6 2. b3 Nf6 3. Bb2 d5 4. Nf3 Bf5 5. g3 e6 6. Bg2 Nbd7 7. 0-0 h6 8. d3 Be7 9. Nc3 0-0 10. Rc1 Bh7 11. Qd2 Re8 12. h3 Qb6 13. g4 dxc4 14. bxc4 e5 15. Qc2 e4 16. dxe4 Nxe4 17. Nxe4 Bxe4 18. Qxe4 Qxb2 19. Rc2 Qf6 20. Qd4 Nc5 21. e3 Rad8 22. Qb2 Qxb2 23. Rxb2 Bf6 24. Rc2 a5 25. Rb1 a4 26. Kf1 a3 27. Nd2 Bb2 28. Rbxb2 axb2 29. Rxb2 Ra8 30. Nb3 Nxb3 31. axb3 Ra1+ 32. Ke2 Rea8 33. Rd2 R8a2 34. Be4 Rxd2+ 35. Kxd2 Ra2+ 36. Bc2 Kf8 37. h4 g6 38. Kc3 Kg7 0-1

[Event "Dimitrovgrad op 1st"]
[Site "Dimitrovgrad"]
[Date "2009.09.05"]
[Round "2"]
[White "Kolev, Atanas Tonchev"]
[Black "Ilijev, Mitko"]
[Result "0-1"]
[WhiteElo "2015"]
[BlackElo "2241"]
[PlyCount "52"]
[EventDate "2009.09.05"]
[EventType "swiss"]
[EventRounds "7"]
[EventCountry "BUL"]
[SourceTitle "CBM 132 Extra"]
[Source "ChessBase"]
[SourceDate "2009.11.03"]
[SourceVersion "1"]
[SourceVersionDate "2009.11.03"]
[SourceQuality "1"]

1. d4 Nf6 2. c4 g6 3. Nc3 Bg7 4. e4 d6 5. f3 0-0 6. Be3 e5 7. Nge2 exd4 8. Nxd4 c6 9. Qd2 Re8 10. 0-0-0 d5 11. cxd5 cxd5 12. Nc2 Qa5 13. Nxd5 Qxa2 14. Nc7 Nd5 15. Qxd5 Qxb2+ 16. Kd2 Qc3+ 17. Kc1 Qxc7 18. Bb5 Nc6 19. Bxc6 bxc6 20. Qd6 Qa5 21. Qb4 Qb5 22. Bc5 Bh6+ 23. Kb1 Rb8 24. Ka2 Be6+ 25. Ka3 Qa6+ 26. Qa4 Rb3+ 0-1

[Event "Bankia tt"]
[Site "Bankia"]
[Date "1992.??.??"]
[Round "1"]
[White "Ilijev, Mitko"]
[Black "Spassov, Liuben"]
[Result "0-1"]
[WhiteElo "2255"]
[BlackElo "2405"]
[PlyCount "75"]
[EventDate "1992.??.??"]
[EventType "team"]
[EventRounds "7"]
[EventCountry "BUL"]
[SourceTitle "EXT 1997"]
[Source "ChessBase"]
[SourceDate "1996.11.15"]
[SourceVersion "1"]
[SourceVersionDate "1996.11.15"]
[SourceQuality "1"]

1. Nf3 c5 2. c4 Nf6 3. Nc3 d5 4. cxd5 Nxd5 5. g3 Nc6 6. Bg2 Nc7 7. 0-0 e5 8. d3 Be7 9. Nd2 Bd7 10. Nc4 f6 11. f4 b5 12. Ne3 Rc8 13. Ned5 Nxd5 14. Nxd5 0-0 15. Be3 Be6 16. Nxe7+ Qxe7 17. Rc1 Nd4 18. fxe5 fxe5 19. b3 Rxf1+ 20. Bxf1 Bg4 21. h3 Bh5 22. g4 Bg6 23. Bg2 Re8 24. Bd5+ Kh8 25. Bxd4 exd4 26. Bf3 Qd6 27. Kg2 Bf7 28. Rc2 Bd5 29. Qc1 h6 30. Qf1 Re3 31. Rd2 a5 32. Rc2 c4 33. bxc4 bxc4 34. dxc4 d3 35. Rd2 dxe2 36. Rxe2 Bxf3+ 37. Qxf3 Rxf3 38. Kxf3 0-1